<?xml version="1.0" encoding="UTF-8"?>
<collection xmlns="http://www.loc.gov/MARC21/slim">
<record>
  <controlfield tag="001">99224</controlfield>
  <controlfield tag="005">20210902121938.0</controlfield>
  <datafield tag="024" ind1="8" ind2=" ">
    <subfield code="2">sideral</subfield>
    <subfield code="a">122737</subfield>
  </datafield>
  <datafield tag="037" ind1=" " ind2=" ">
    <subfield code="a">ART-2020-122737</subfield>
  </datafield>
  <datafield tag="041" ind1=" " ind2=" ">
    <subfield code="a">eng</subfield>
  </datafield>
  <datafield tag="100" ind1=" " ind2=" ">
    <subfield code="a">Valdeon, A.</subfield>
    <subfield code="u">Universidad de Zaragoza</subfield>
    <subfield code="0">(orcid)0000-0002-5002-5287</subfield>
  </datafield>
  <datafield tag="245" ind1=" " ind2=" ">
    <subfield code="a">First case of lordosis in a wild- caught European pond turtle (Emys orbicularis)</subfield>
  </datafield>
  <datafield tag="260" ind1=" " ind2=" ">
    <subfield code="c">2020</subfield>
  </datafield>
  <datafield tag="506" ind1="0" ind2=" ">
    <subfield code="a">Access copy available to the general public</subfield>
    <subfield code="f">Unrestricted</subfield>
  </datafield>
  <datafield tag="520" ind1="3" ind2=" ">
    <subfield code="a">Even though osteological abnormalities are very rare in wild reptiles (Telemaco et al. 2013, Löwenborg &amp; Hagman 2017), they are more frequent in captivity as a consequence of a deficient care, especially related to nutrition and UV deficiencies (Mendyk 2008). In chelonians, in some cases, it is also related to soft shell and pyramidism (Museti et al. 2014). 
Kyphosis and lordosis are problems related to the vertebral column, namely kyphosis when the column is extruded and lordosis when the column is intruded. There are several cases of both anomalies described in lacertids (Garin-Barrio et al. 2011), skinks (Arrivillaga &amp; Brown 2019) and sea turtles (Drenen 1990). Nevertheless, in freshwater turtles only kyphosis is relatively common (Saumure 2001, Trembath 2009, Moldowan et al. 2015), with few documented lordosis cases (Mitchell 2014; Selman 2019). 
In wild Emys orbicularis several deformities have been described such as microophtalmia (Escoriza 2012), axanthism (Cavalcante &amp; Bruni 2018), pholydosis abnormalities as accessory scutes (Cordero et al. 2008) or accessory and absent scutes (Lada &amp; Voldireva 2018). Here, we report the first case of lordosis in a European freshwater turtle (Emys orbicularis), being the first reported case of a lordotic wild turtle in Europe. 
The turtle was captured on the 22th July 2011 in “Río Areta”, which is a Special Area of Conservation (ES2200013), in Navarre (Spain), in a little cattle pond (42º42’N; -1º16’E), where the majority of turtles were juveniles (Table 1), including the lordotic turtle, showing a differential habitat selection among juveniles and adults ...</subfield>
  </datafield>
  <datafield tag="540" ind1=" " ind2=" ">
    <subfield code="9">info:eu-repo/semantics/openAccess</subfield>
    <subfield code="a">by-nc-nd</subfield>
    <subfield code="u">http://creativecommons.org/licenses/by-nc-nd/3.0/es/</subfield>
  </datafield>
  <datafield tag="590" ind1=" " ind2=" ">
    <subfield code="a">0.969</subfield>
    <subfield code="b">2020</subfield>
  </datafield>
  <datafield tag="591" ind1=" " ind2=" ">
    <subfield code="a">ZOOLOGY</subfield>
    <subfield code="b">128 / 175 = 0.731</subfield>
    <subfield code="c">2020</subfield>
    <subfield code="d">Q3</subfield>
    <subfield code="e">T3</subfield>
  </datafield>
  <datafield tag="592" ind1=" " ind2=" ">
    <subfield code="a">0.288</subfield>
    <subfield code="b">2020</subfield>
  </datafield>
  <datafield tag="593" ind1=" " ind2=" ">
    <subfield code="a">Animal Science and Zoology</subfield>
    <subfield code="c">2020</subfield>
    <subfield code="d">Q3</subfield>
  </datafield>
  <datafield tag="655" ind1=" " ind2="4">
    <subfield code="a">info:eu-repo/semantics/other</subfield>
    <subfield code="v">info:eu-repo/semantics/publishedVersion</subfield>
  </datafield>
  <datafield tag="700" ind1=" " ind2=" ">
    <subfield code="a">Ayres, C.</subfield>
  </datafield>
  <datafield tag="700" ind1=" " ind2=" ">
    <subfield code="a">Rada, V.</subfield>
  </datafield>
  <datafield tag="700" ind1=" " ind2=" ">
    <subfield code="a">Baneres, A.</subfield>
  </datafield>
  <datafield tag="700" ind1=" " ind2=" ">
    <subfield code="a">Martinez-Silvestre, A.</subfield>
  </datafield>
  <datafield tag="710" ind1="2" ind2=" ">
    <subfield code="1">3006</subfield>
    <subfield code="2">430</subfield>
    <subfield code="a">Universidad de Zaragoza</subfield>
    <subfield code="b">Dpto. Geograf. Ordenac.Territ.</subfield>
    <subfield code="c">Área Geografía Física</subfield>
  </datafield>
  <datafield tag="773" ind1=" " ind2=" ">
    <subfield code="g">16, 2 (2020), e207503[242-245</subfield>
    <subfield code="p">North-Western Journal of Zoology</subfield>
    <subfield code="t">North-Western Journal of Zoology</subfield>
    <subfield code="x">1584-9074</subfield>
  </datafield>
  <datafield tag="856" ind1="4" ind2=" ">
    <subfield code="s">265370</subfield>
    <subfield code="u">http://zaguan.unizar.es/record/99224/files/texto_completo.pdf</subfield>
    <subfield code="y">Versión publicada</subfield>
  </datafield>
  <datafield tag="856" ind1="4" ind2=" ">
    <subfield code="s">1910589</subfield>
    <subfield code="u">http://zaguan.unizar.es/record/99224/files/texto_completo.jpg?subformat=icon</subfield>
    <subfield code="x">icon</subfield>
    <subfield code="y">Versión publicada</subfield>
  </datafield>
  <datafield tag="856" ind1="4" ind2="1">
    <subfield code="u">https://biozoojournals.ro/nwjz/content/v16n2/nwjz_e207503_Valdeon.pdf</subfield>
    <subfield code="z">Texto completo de la revista</subfield>
  </datafield>
  <datafield tag="909" ind1="C" ind2="O">
    <subfield code="o">oai:zaguan.unizar.es:99224</subfield>
    <subfield code="p">articulos</subfield>
    <subfield code="p">driver</subfield>
  </datafield>
  <datafield tag="951" ind1=" " ind2=" ">
    <subfield code="a">2021-09-02-10:59:37</subfield>
  </datafield>
  <datafield tag="980" ind1=" " ind2=" ">
    <subfield code="a">ARTICLE</subfield>
  </datafield>
</record>
</collection>